| 000 | 00351nam a2200145Ia 4500 | ||
|---|---|---|---|
| 008 | 150201s2000 xx 000 0 und d | ||
| 082 |
_a615 _bF00K |
||
| 100 | _aKARCH, AMY M. | ||
| 245 | _aFOCUS ON NURSING PHARMACOLOGY | ||
| 250 | _a1ST | ||
| 260 |
_bLIPPINCOTT _aPHILADELPHIA _c2000 |
||
| 300 | _a891 | ||
| 650 | _aPHARMACOLOGY | ||
| 942 |
_2ddc _cBK _01 |
||
| 999 |
_c2347 _d2347 |
||